000 00616nam a22001457a 4500
020 _a978-0-143-42734-6
082 _a823
_bAUS/P
100 _aAUSTEN, JANE
245 _aPERSUASION
260 _aGURGAON
_bPENGUIN RANDOM HOUSE
_c2016
300 _a219
520 _aPersuasion by Jane Austen is a satirical romance that follows the love story of Anne Elliot and Frederick Wentworth. After Anne is persuaded by her family and Lady Russell to reject Wentworth, Anne loses her youthful happiness. When Captain Wentworth comes back into her life, Anne starts to regain her youth.
650 _aNOVEL
_zINDIA
942 _cBK
999 _c2575
_d2575